Transformers Personnages des Films par Images - Statistiques

Statistiques générales
  • Ce quiz a été pris 211 fois
  • Le résultat moyen est 24 sur 95
Statistiques - réponses
Par images Réponse % Correct
Optimus Prime / Orion Pax
99%
Bumblebee
96%
Megatron
95%
Ratchet
77%
Starscream
77%
Jazz
75%
Ironhide
74%
The Fallen / Megatronus Prime
63%
Sentinel Prime
53%
Shockwave
51%
Soundwave
51%
Galvatron
50%
Jetfire
47%
Sideswipe
47%
Barricade
46%
Que (Wheeljack)
46%
Devastator
45%
Dino (Mirage)
44%
Lockdown
41%
Hound
40%
Quintessa
39%
Unicron
39%
Arcee
37%
Grimlock
37%
Drift
36%
Hot Rod
35%
Blackout
31%
Bonecrusher
31%
Nitro Zeus
26%
Stinger
26%
Berserker
25%
Jolt
25%
Cogman
23%
Crosshairs
23%
Ravage
23%
Brawl
21%
Elita One
21%
Mudflap
21%
Scorponok
21%
Skids
21%
Wheelie
21%
Frenzy
20%
Grindor
19%
Leadfoot
19%
Onslaught
19%
Rampage
19%
Mohawk
18%
Chromia
17%
Driller
17%
Laserbeak
17%
Mixmaster
17%
Alice
15%
Demolishor
14%
Canopy
13%
Dreadbot
13%
Infernocus
13%
Long Haul
13%
Roadbuster
13%
Sideways
13%
'Tops
13%
Topspin
13%
Hatchet
12%
Igor
12%
Slug
12%
Brains
11%
Scavenger
11%
Scorn
11%
Scrapper
11%
Two Head
10%
Crowbar
9%
Daytrader
9%
Dragonstorm
9%
Hightower
9%
Overload
9%
Sqweeks
9%
Strafe
9%
Crankcase
8%
KSI Boss
8%
Scrapmetal
8%
Scalpel
7%
Bulldog
6%
Devcon
6%
Skipjack
6%
Microcon
5%
Reedman
5%
Lieutenant
4%
Trench
4%
Garagebot / Garbagebot
3%
Pterry
3%
Sharp-T
3%
Skullitron
3%
Steelbane
3%
Stormreign
3%
Watch-Bot
3%
Junkheaps
2%
Aucun quiz correspondant
Distribution des résultats
% des personnes avec chaque résultat
Percentile par nombre de réponses
Votre historique - résultats
Vous n’avez pas pris ce quiz